000 01569nam0a2200337 4500
001 RU\NLR\BIBL_A\022689139
005 20260326093354.0
010 _a978-5-91155-443-9
_9200
021 _aRU
_bКН-П-25-062184
_9КН-П-25-6009
035 _a(NLR Aleph) 022689139
090 _a13643285
_c13643285
100 _a20251216d2025 u y0rusy50 ca
101 0 _arus
102 _aRU
105 _aa j 000yy
181 0 _ai
_baxxe
182 0 _an
200 1 _aСклад временного хранения: создание СВХ и таможенный контроль на СВХ. Временное хранение уполномоченным экономическим оператором (УЭО)
_eучебное пособие
_fА. Ю. Комелова, Е. Б. Пигалова
203 _aТекст
_bвизуальный
_cнепосредственный
210 _aСанкт-Петербург
_cИздательско-полиграфическая ассоциация высших учебных заведений
_d2025
215 _a125 с.
_cил.
_d21
320 _aБиблиогр.: с. 90-92 (23 назв.)
606 1 _aСклады таможенные
_jУчебные издания для высших учебных заведений
_2nlr_sh1
_2nlr_sh2
_3RU\NLR\AUTH\661305644
686 1 _aУ43(2)-184(2Р)я73
686 1 _aХ621.165.203.173
700 1 _aКомелова
_bА. Ю.
701 1 _aПигалова
_bЕ. Б.
942 _cBOOK
980 _aNB